LEADER 01070nam a2200217 i 4500 001 000000016676 003 CaOOAMICUS 005 20180830125443.0 008 180830n it u000 u ita u 040 $aSeMil$bita 100 1 $aValsecchi, Franco,$d<1903-1992>.$0(OLS)http://semarc/name/7673 245 12$aL'assolutismo illuminato in Austria e in Lombardia /$cFranco Valsecchi. 260 $aBologna :$bNicola Zanichelli,$c[193?] 300 $av. ;$c24 cm. 600 04$aMaria Teresa : d'Austria .$0(OLS)http://semarc/subject/46071 650 4$aAssolutismo - Austria - Storia - Sec. 18.$0(OLS)http://semarc/subject/2722 650 4$aAustria - Vita politica - Storia - Sec. 18.$0(OLS)http://semarc/subject/2723 650 4$aLombardia - Vita politica - Storia - Sec. 18.$0(OLS)http://semarc/subject/2724 774 0 $tDominī ereditarī.$gVolume1$w()139601 996 $6245$aL'assolutismo illuminato in Austria e in Lombardia$9(OLS)http://semarc/title/22057 996 $6260$aBologna :$bNicola Zanichelli$9(OLS)http://semarc/publisher/30307 LEADER 00590naa a2200145 i 4500 001 000000302208 003 CaOOAMICUS 005 20180831172737.0 008 180831n xx u000 u und u 013 $a9943 040 $aSeMil$bita 100 1 $aCaprioli, Mario .$0(OLS)http://semarc/name/16762 245 13$aLa pneumatologia dei testi sacerdotali di San Girolamo. 773 0 $tPneumatologķa en los Padres de la Iglesia.$dBurgos : Aldecoa, 1983.$kTeologķa del sacerdocio$z84-7009-210-3$w()35971 996 $6245$aLa pneumatologia dei testi sacerdotali di San Girolamo$9(OLS)http://semarc/title/378192